| 000 | 00789nam a2200229Ia 4500 | ||
|---|---|---|---|
| 003 | GCL | ||
| 008 | 140319s9999 xx 000 0 ara d | ||
| 040 |
_aGCL / _cGCL |
||
| 082 | 0 | 4 |
_aد _b301.43105 _bس و |
| 100 | 1 | _aسمير سالم الميلادى | |
| 245 | 1 | 0 |
_aواقع الطفل فى الوطن العربى / _cسمير سالم الميلادى |
| 700 | 1 | _aمحمود عباس خضير | |
| 260 |
_a[S.N] : _bالمجلس الاعلى للطفولة والتنمية ، _c1990 |
||
| 300 | _aمتعدد | ||
| 490 |
_aسلسلة مطبوعات فى علم الكلام _v0 |
||
| 650 | 0 | 4 | _aالتنمية الاجتماعية |
| 650 | 0 | 4 | _aالاطفال |
| 650 | 0 | 4 | _aالوطن العربى |
| 650 | 0 | 4 | _aالاجتماع |
| 650 | 0 | 4 | _aدوريات |
| 942 |
_2ddc _cCF |
||
| 999 |
_c26938 _d26938 |
||